000 01246nam1a2200337 i 4500
001 RU\NLR\bibl\85190
005 20260406114703.0
010 _a5-02-011189-9
035 _a(NLR Aleph) 000083203
090 _a464095
_c464095
100 _a20000511g19 9999u y0rusy50 ca
101 0 _arus
102 _aRU
105 _aa |||||||||
200 1 _aПолное собрание сочинений и писем
_eВ 20 т.
_fА. А. Блок
_g[Редкол.: ... А. Л. Гришунин (гл. ред.) и др.
_gРос. акад. наук, Ин-т мировой лит. им. А. М. Горького, Ин-т рус. лит. (Пушк. дом)]
210 _aМ.
_cНаука
_d1999
215 _d22
463 0 _100179184
463 0 _100186862
463 0 _1001391449
463 0 _10011715654
686 _aШ6(2=Р)53я44
700 1 _4070
_8rus
_7ca
_aБлок
_bА. А.
_f1880-1921
_gАлександр Александрович
_3RU\NLR\auth\77311
_9110366
801 0 _aRU
_bNLR
_c20000511
_gPSBO
801 1 _aRU
_bNLR
_c20000511
830 _aАвт. раскрыт по кн.
852 _aNLR
_j97-5/1251
942 _cBOOK